000 00623nam a2200193Ia 4500
008 130821s2002 ck gr spa
020 _a9588159539
040 _aCo-BoUCM
_bspa
041 0 0 _aspa
100 _aRobledo, Juan Felipe
_978260
245 0 3 _aLa música de las horas
_cJuan Felipe Robledo
260 _aBogotá (Colombia)
_bMinisterio de Cultura
_c2002
300 _a104 páginas
586 _aPremio Nacional de Poesía, 2001
650 0 4 _aLiteratura colombiana
_918629
650 0 4 _aPoesía colombiana
_921792
942 _cLIBRO
_a18
_e1
_kC
_mR628M
_2DEWEY
_h861
_n0
999 _c34026
_d34026